Development in Eastern Europe and the South Caucasus Armenia, Azerbaijan, Georgia, Republic of Moldova and Ukraine

Salvato in:
Dettagli Bibliografici
Natura: Libro
Lingua:inglese
Pubblicazione: Paris OECD 2011
Soggetti:
Tags: Aggiungi Tag
Nessun Tag, puoi essere il primo ad aggiungerne!!

MARC

LEADER 00000nam a2200000 4500
001 0142847
005 20221108071210.5
020 |a 978-92-64-11302-2 
041 0 |a eng 
044 |a FR 
245 1 0 |a Development in Eastern Europe and the South Caucasus  |b Armenia, Azerbaijan, Georgia, Republic of Moldova and Ukraine 
264 1 |a Paris  |b OECD  |c 2011 
300 |a 292 s. 
610 2 0 |a rozvoj hospodársky 
610 2 0 |a rast hospodársky 
610 2 0 |a situácia hospodárska 
610 2 0 |a politika hospodárska 
610 2 0 |a východná Európa 
610 2 0 |a Kaukaz 
610 2 0 |a Arménsko 
610 2 0 |a Azerbajdžan 
610 2 0 |a Gruzínsko 
610 2 0 |a Moldavsko 
610 2 0 |a Ukrajina